A valuer's guide to the RICS Red Book 2009 (Record no. 109265)

MARC details
000 -LEADER
fixed length control field 01627cam a22003015a 4500
001 - CONTROL NUMBER
control field L146725
008 - FIXED-LENGTH DATA ELEMENTS--GENERAL INFORMATION
fixed length control field 090220s2009 xxk f 001 0 eng d
020 ## - INTERNATIONAL STANDARD BOOK NUMBER
International Standard Book Number 9781842194560
035 ## - SYSTEM CONTROL NUMBER
System control number (Sirsi) u146725
041 0# - LANGUAGE CODE
Language code of text/sound track or separate title eng
050 04 - LIBRARY OF CONGRESS CALL NUMBER
Classification number 333.332 $2 18
100 1# - MAIN ENTRY--PERSONAL NAME
Personal name Cherry, Andrew
245 02 - TITLE STATEMENT
Title A valuer's guide to the RICS Red Book 2009
250 ## - EDITION STATEMENT
Edition statement 3rd ed.
260 ## - PUBLICATION, DISTRIBUTION, ETC.
Place of publication, distribution, etc. Coventry
Name of publisher, distributor, etc. RICS
Date of publication, distribution, etc. 2009
300 ## - PHYSICAL DESCRIPTION
Extent xiv, 170p
Dimensions 21cm.
350 ## - PRICE (NR) (BK AM CF MU VM SE) [OBSOLETE]
Price 27.95
505 2# - FORMATTED CONTENTS NOTE
Formatted contents note Introduction -- Qualifications and conflicts of interest -- Agreement of terms of enagagement with the client -- Valuation bases -- Inspections and material considerations -- Valuation reports -- Valuations for commercial secured lending -- Regulated purpose valuations -- The monitoring of valuations -- Specialist valuations -- Appendix: Red Book map -- Index of frequently asked questions -- Index
520 ## - SUMMARY, ETC.
Summary, etc. A practical guide which assists with understanding the requirements set out in the Red Book (RICS Valuation Standards). The guide has been updated to take account of the march 2009 amendments to the Red Book. Discusses the principal aims and standards, qualifications and conflicts of interest and terms of engagement with the client. Also provides commentary on rules for specific practice areas and an index of frequently asked valuation questions.
520 ## - SUMMARY, ETC.
Summary, etc. Supersedes 2nd ed. (ISBN 9781842193532).
520 ## - SUMMARY, ETC.
Summary, etc. Superseded by 4th ed. (ISBN 9781842195895).
521 ## - TARGET AUDIENCE NOTE
Target audience note Advanced
590 ## - LOCAL NOTE (RLIN)
Local note KA NTK
651 #4 - SUBJECT ADDED ENTRY--GEOGRAPHIC NAME
Geographic name United Kingdom
Chronological subdivision
690 ## - LOCAL SUBJECT ADDED ENTRY--TOPICAL TERM (OCLC, RLIN)
Topical term or geographic name as entry element PROPERTY-PROPERTY APPRAISAL AND VALUATION
942 ## - ADDED ENTRY ELEMENTS (KOHA)
Suppress in OPAC 0
Holdings
Withdrawn status Lost status Source of classification or shelving scheme Damaged status Not for loan Home library Current library Shelving location Date acquired Total Checkouts Full call number Barcode Date last seen Copy number Price effective from Koha item type Date last checked out
    Dewey Decimal Classification     London London RICS Boxes 30/03/2009   RICS 2009/2 30076706 06/08/2019 2 06/08/2019 Reference material  
    Dewey Decimal Classification     London London RICS Boxes 30/03/2009 8 RICS 2009/2 30076707 06/08/2019 3 06/08/2019 Book 22/12/2009
    Dewey Decimal Classification     London London RICS Boxes 30/03/2009   RICS 2009/2 30076705 06/08/2019 1 06/08/2019 Archive  
  Missing       London London Missing 14/03/2014   RICS 2009/2 30078221 06/08/2019 2 06/08/2019 Book